The New world of UN peace operations : (Record no. 10375)
[ view plain ]
| 000 -LEADER | |
|---|---|
| fixed length control field | 00862cam a22002532 4500 |
| 001 - CONTROL NUMBER | |
| control field | 0000024617 |
| 005 - DATE AND TIME OF LATEST TRANSACTION | |
| control field | 20151217152305.0 |
| 008 - FIXED-LENGTH DATA ELEMENTS--GENERAL INFORMATION | |
| fixed length control field | 140114s xx 000 0 eng d |
| 020 ## - INTERNATIONAL STANDARD BOOK NUMBER | |
| International Standard Book Number | 0199594887 : |
| 040 ## - CATALOGING SOURCE | |
| Original cataloging agency | KABU |
| Transcribing agency | KABU |
| 100 1# - MAIN ENTRY--PERSONAL NAME | |
| Personal name | Benner, Thorsten. |
| -- | 0000184977 |
| 245 14 - TITLE STATEMENT | |
| Title | The New world of UN peace operations : |
| Remainder of title | learning to build peace? / |
| Statement of responsibility, etc. | Thorsten Benner, Stephan Mergenthaler and Philipp Rotmann. |
| 250 ## - EDITION STATEMENT | |
| Edition statement | 1st ed. |
| 260 ## - PUBLICATION, DISTRIBUTION, ETC. (IMPRINT) | |
| Place of publication, distribution, etc. | Oxford : |
| Name of publisher, distributor, etc. | O. U. P., |
| Date of publication, distribution, etc. | 2011. |
| 300 ## - PHYSICAL DESCRIPTION | |
| Extent | xiii, 247 p. |
| 610 20 - SUBJECT ADDED ENTRY--CORPORATE NAME | |
| Corporate name or jurisdiction name as entry element | United Nations. |
| -- | 0000152943 |
| 650 #0 - SUBJECT ADDED ENTRY--TOPICAL TERM | |
| Topical term or geographic name as entry element | Peace-building. |
| -- | 0000166266 |
| 650 #0 - SUBJECT ADDED ENTRY--TOPICAL TERM | |
| Topical term or geographic name as entry element | Peace-building |
| General subdivision | case studies. |
| -- | 0000184978 |
| 700 1# - ADDED ENTRY--PERSONAL NAME | |
| Personal name | Mergenthaler, Stephan. |
| -- | 0000184979 |
| 700 1# - ADDED ENTRY--PERSONAL NAME | |
| Personal name | Rotmann, Philipp. |
| -- | 0000184980 |
| 852 1# - LOCATION | |
| -- | p8370 KES |
| 908 ## - PUT COMMAND PARAMETER (RLIN) | |
| Put command parameter | 140114 |
| 950 ## - LOCAL HOLDINGS (RLIN) | |
| -- | 1 |
| Withdrawn status | Lost status | Source of classification or shelving scheme | Not for loan | Home library | Current library | Date acquired | Total Checkouts | Full call number | Barcode | Date last seen | Price effective from | Koha item type |
|---|---|---|---|---|---|---|---|---|---|---|---|---|
| Library of Congress Classification | Kabarak, Main Campus | Kabarak, Main Campus | 17/12/2015 | JZ5566.4 .B46 2011 c. 1 | 016321 | 17/12/2015 | 17/12/2015 | General Collection |